Taylor Swift - Paroles Wonderland - Statistiques

Statistiques générales
  • Ce quiz a été pris 73 fois
  • Le résultat moyen est 393 sur 457
Statistiques - réponses
Hint Réponse % Correct
a
100%
found
100%
I
100%
we
100%
Refrain We
100%
Wonderland,
100%
Wonderland
100%
Wonderland)
100%
You
100%
you
100%
you,
100%
And
98%
and
98%
And,
98%
for
98%
in
98%
In
98%
(In
98%
it
98%
it)
98%
last
98%
(Last
98%
lost
98%
(Lost
98%
forever
96%
forever,
96%
go
96%
got
96%
(Got
96%
but
94%
But
94%
eye
94%
me
94%
me?
94%
never
94%
(Never
94%
the
94%
to
94%
To
94%
could
91%
us
91%
better
89%
better,
89%
Pré-refrain Didn't
89%
didn't
89%
eyes
89%
Couplet 2 So,
89%
so
89%
Too
89%
was
89%
were
89%
your
89%
flash
87%
green
87%
turn
87%
went
87%
at
85%
"Don't
85%
had
85%
rush
85%
back
83%
gone
83%
home
83%
into
83%
on
83%
seem
83%
things"?
83%
took
83%
what
83%
(Eh,
81%
eh)
81%
eh,
81%
Eh,
81%
Eh
81%
fell
81%
mind
81%
of
81%
Oh,
81%
oh
81%
Oh
81%
tell
81%
they
81%
worse,
81%
worse
81%
all
79%
All
79%
both
79%
down
79%
end,
79%
life
79%
pretended
79%
arms
77%
new
77%
around
74%
exciting?
74%
felt
74%
lights
74%
mad
74%
out
74%
smile?
74%
Couplet 1 Flashing
72%
hole
72%
like
72%
strangers
72%
there
72%
'Cause
70%
knew
70%
rabbit
70%
seems
70%
way
70%
as
68%
control
68%
love
68%
our
68%
reached
68%
searched
68%
somethin'
68%
talkin'
68%
their
68%
feel
66%
curious
64%
make
64%
minds?
64%
straight
64%
think
64%
cat
62%
somebody
62%
twistin'
62%
watchin'
62%
wrong
62%
else
60%
held
60%
nothing's
60%
screams,
60%
'til
60%
with
60%
world
60%
darling
57%
have
57%
loses
57%
open
57%
turned
57%
whispers
57%
It's
55%
my
55%
one
55%
fun
53%
night
53%
tight
53%
becomes
51%
games
51%
Haven't
51%
heard
51%
slept
49%
spinning
47%
alone,
45%
Cheshire
45%
should
45%
talking
45%
or
43%
seemed
40%
fears
38%
calm
26%
Aucun quiz correspondant
Distribution des résultats
% des personnes avec chaque résultat
Percentile par nombre de réponses
Votre historique - résultats
Vous n’avez pas pris ce quiz